| 000 | 00817nam a22002297a 4500 | ||
|---|---|---|---|
| 999 |
_c18843 _d18843 |
||
| 003 | AR-CdUCM | ||
| 008 | 190515b ||||| |||| 00| 0 spa d | ||
| 040 |
_aMUNICIPALIDAD PROVINCIAL DEL CUSCO _cBIBLIOTECA MUNICIPAL DEL CUSCO |
||
| 041 | _heng | ||
| 082 |
_a301 / _bO76 |
||
| 100 |
_aOsborn, Loran David _939704 |
||
| 245 |
_aA communidade e a sociedade : _bintroduccâo â sociologia / |
||
| 260 |
_aSâo Paulo : _bNacional, _c1936. |
||
| 300 |
_a620 páginas ; _c20 cm. |
||
| 440 |
_aIniciacâo scientifica ; _n12 _939705 |
||
| 505 | _aContenido: A communidade contemporanea -- Processos sociales e principios sociológicos. | ||
| 650 |
_aSociología _9276 |
||
| 700 |
_aNeumeyer, Martin Henry _939706 |
||
| 700 |
_aSampaio Ferraz, J. De (traductor) _939707 |
||
| 942 |
_2ddc _cLIBROS |
||
| 945 |
_aacv _d2019-05-15 |
||